Energetická bezpečnosť a obnoviteľné zdroje energie

Energetická situácia v Slovenskej republike. Ruská federácia - hlavný partner v dovoze energetických zdrojov. Nedostatočné využívanie obnoviteľných zdrojov energie. Energetická situácia v Európskej únii. Hlavné zdroje energie - ropa, zemný plyn a uhlie. Snaha EÚ o zníženie emisií skleníkových plynov...

Full description

Saved in:
Bibliographic Details
Main Author: Kollár, Vojtech
Format: Book Chapter
Language:Slovak
Subjects:
Tags: Add Tag
No Tags, Be the first to tag this record!

MARC

LEADER 00000nla$a2200000$$$4500
001 0105426
005 20240502072150.6
041 0 |a slo 
044 |a SK 
245 1 0 |a Energetická bezpečnosť a obnoviteľné zdroje energie  |c Vojtech Kollár 
520 |a Energetická situácia v Slovenskej republike. Ruská federácia - hlavný partner v dovoze energetických zdrojov. Nedostatočné využívanie obnoviteľných zdrojov energie. Energetická situácia v Európskej únii. Hlavné zdroje energie - ropa, zemný plyn a uhlie. Snaha EÚ o zníženie emisií skleníkových plynov. Využívanie obnoviteľných zdrojov energie - Zelená kniha EÚ. Spotreba energie podľa druhu paliva v krajinách EÚ v roku 2006. 
610 2 0 |a energetika 
610 2 0 |a zdroje energetické 
610 2 0 |a zdroje energie obnoviteľné 
610 2 0 |a bezpečnosť energetická 
610 2 0 |a politika energetická 
610 2 0 |a spotreba energie 
610 2 0 |a Slovensko 
610 2 0 |a Európska únia 
100 1 |a Kollár, Vojtech